| 000 | 01212cam a22003134a 4500 | ||
|---|---|---|---|
| 001 | 12933799 | ||
| 005 | 20130130142400.0 | ||
| 008 | 020917s2003 dcua b 000 0 eng | ||
| 010 | _a 2002035837 | ||
| 020 | _a0821353624 (pbk.) | ||
| 082 | 0 | 0 |
_a362.1 _222 _bINV |
| 245 | 0 | 0 |
_aInvesting in Maternal Health : _bLearning from Malaysia and Sri Lanka / _cedited by Indra Pathmanathan, Jerker Liljestrand. |
| 260 |
_aWashington, D.C. : _bWorld Bank, _cc2003. |
||
| 300 |
_axx, 182 p. : _bill. ; _c23 cm. |
||
| 440 | 0 |
_aHealth, nutrition, and population series _932174 |
|
| 504 | _aIncludes bibliographical references (p. 171-182). | ||
| 650 | 0 |
_aMaternal health services _zMalaysia. _932175 |
|
| 650 | 0 |
_aMaternal health services _zSri Lanka. _932176 |
|
| 650 | 0 |
_aChild health services _zMalaysia. _932177 |
|
| 650 | 0 |
_aChild health services _zSri Lanka. _932178 |
|
| 650 | 0 |
_aWomen _xServices for _zMalaysia. _932179 |
|
| 650 | 0 |
_aWomen _xServices for _zSri Lanka. _932180 |
|
| 650 | 0 |
_aMedical economics _zMalaysia. _932181 |
|
| 650 | 0 |
_aMedical economics _zSri Lanka. _932182 |
|
| 653 |
_bEco _cJanuary2013 |
||
| 700 | 1 |
_aPathmanathan, Indra. _932183 |
|
| 700 | 1 |
_aLiljestrand, Jerker. _932184 |
|
| 942 |
_2ddc _cBB |
||
| 999 |
_c17180 _d17152 |
||